Получение левулиновой кислоты; Химия и химическая технология в XXI веке

Bibliographic Details
Parent link:Химия и химическая технология в XXI веке.— 2000.— С. 60.
Main Author: Лесовая Е. Н.
Other Authors: Ивасенко В. Л.
Language:Russian
Published: 2000
Subjects:
Format: Book Chapter
KOHA link:https://koha.lib.tpu.ru/cgi-bin/koha/opac-detail.pl?biblionumber=75127

MARC

LEADER 00000naa2a2200000 4500
001 75127
005 20231031090321.0
035 |a (RuTPU)RU\TPU\book\80106 
090 |a 75127 
100 |a 20050318d2000 k y0rusy50 ca 
101 0 |a rus 
102 |a RU 
200 1 |a Получение левулиновой кислоты  |f Е. Н. Лесовая, В. Л. Ивасенко 
463 1 |0 (RuTPU)RU\TPU\book\24471  |t Химия и химическая технология в XXI веке  |o Материалы областной студенческой научно-практической конференции (Томск, 23 мая, 2000 г.)  |f Томский политехнический университет. ХТФ; Областная студенческая научно-практическая конференция  |v С. 60.  |d 2000  |p 72 с. 
610 1 |a кислоты 
610 1 |a левулиновая кислота 
610 1 |a древесные опилки 
610 1 |a древесина 
610 1 |a лесная промышленность 
610 1 |a полимеры 
610 1 |a опилки древесины 
610 1 |a труды учёных ТПУ 
700 1 |a Лесовая  |b Е. Н. 
701 1 |a Ивасенко  |b В. Л. 
801 1 |a RU  |b 63413507  |c 20050318  |g PSBO 
942 |c BK